Processability characteristics and physico-mechanical properties of natural rubber modified with cashewnut shell liquid and cashewnut shell liquid-formaldehyde resin (Record no. 50884)

MARC details
000 -LEADER
fixed length control field 00676nam a2200205Ia 4500
100 ## - MAIN ENTRY--AUTHOR NAME
Personal name Menon A.R.R.
245 #0 - TITLE STATEMENT
Title Processability characteristics and physico-mechanical properties of natural rubber modified with cashewnut shell liquid and cashewnut shell liquid-formaldehyde resin
260 ## - PUBLICATION, DISTRIBUTION, ETC. (IMPRINT)
Name of publisher European Polymer Journal
Year of publication 2002
300 ## - PHYSICAL DESCRIPTION
Number of Pages 163-168
650 ## - SUBJECT ADDED ENTRY--TOPICAL TERM
Topical Term Cashewnut shell liquid
650 ## - SUBJECT ADDED ENTRY--TOPICAL TERM
Topical Term Natural rubber
650 ## - SUBJECT ADDED ENTRY--TOPICAL TERM
Topical Term Physicomechanical property
650 ## - SUBJECT ADDED ENTRY--TOPICAL TERM
Topical Term Processing property
700 ## - ADDED ENTRY--PERSONAL NAME
Personal name Aigbodion A.I.
700 ## - ADDED ENTRY--PERSONAL NAME
Personal name Bhagwan S.S.
700 ## - ADDED ENTRY--PERSONAL NAME
Personal name Mathew N.M.
700 ## - ADDED ENTRY--PERSONAL NAME
Personal name Pillai C.K.S.
942 ## - ADDED ENTRY ELEMENTS (KOHA)
Koha item type Bibliography STAF
Holdings
Withdrawn status Lost status Damaged status Not for loan Home library Current library Shelving location Date acquired Serial Enumeration / chronology Koha item type
      Bibliography RRII Library RRII Library Rubber chemistry 09/04/2014 Volume 38, Issue 1 Bibliography STAF